| 000 | 00621nam a22002051 4500 | ||
|---|---|---|---|
| 003 | 0 | ||
| 008 | |||
| 090 | 0 |
_aQM551 _bGILL 1962 |
|
| 100 | 1 | _aGillison, Margaret. | |
| 245 | 1 | 2 |
_aA histology of the body tissues, _bwith a consideration of their functions. _cForeword by R.C. Garry. |
| 250 | _a2nd ed. | ||
| 260 |
_aBaltimore, _bWilliams and Wilkins Co., _c1962. |
||
| 300 |
_a270 p. _billus. _c20 cm. |
||
| 650 | 0 | _aHistology. | |
| 907 |
_a.b10206103 _b22-06-06 _c22-06-06 |
||
| 005 | 20230123134223.0 | ||
| 040 | _cNUST | ||
| 049 | _aMAIN | ||
| 942 |
_cBOOKS _kQM551 _mGILL 1962 |
||
| 999 |
_c162106 _d162106 |
||